| 000 | 00492nam a22001697a 4500 | ||
|---|---|---|---|
| 008 | 230221b |||||||| |||| 00| 0 eng d | ||
| 040 |
_aNational Science Library _cNational Science Library |
||
| 080 |
_a591.11(082.2) _bK5 |
||
| 245 | _aTrace element metabolism in man and animals | ||
| 260 |
_aNew York: _bSpringer Verlag, _c1982 |
||
| 300 | _a715p. | ||
| 650 | _aScience | ||
| 653 | _aChemistry | ||
| 700 | _aGawthorne , J M (Ed.) | ||
| 700 | _aWhite, C L (Ed.) | ||
| 942 |
_2udc _cBK |
||
| 999 |
_c47004 _d47004 |
||